Представление документа в формате MARC21

Поле Инд. ПП Название Значение
Тип записи a
Библиографический уровень m
001 Контрольный номер 5ff86c72c75b4515b927d884b22f867b
005 Дата корректировки 20260303145111.2
040 a Служба первич. каталог. DE
b Код языка каталог. rus
e Правила каталог. PSBO
041 0_ a Код языка текста rus
080 a Индекс УДК 004.021
080 a Индекс УДК 004.75
084 a Индекс другой классификации/Индекс ББК 32.972
090 a Полочн. индекс 681.3
x Авторский знак К44
097 b Оператор 03
100 1_ a Автор Киселёв А. И.
245 10 a Заглавие Модели и алгоритмы интерактивной согласованности распределённых систем
b Продолж. заглавия дисс. на соиск. степени магистра : 7-06-0612-01
c Ответственность науч. рук. С. И. Нестеренков
260 a Место издания Минск
c Дата издания 2025
b Издательство БГУИР
300 a Объем 113 с.
e Сопроводительные материалы Автореферат
510 0_ a Примечание о ссылках Диссертации и авторефераты диссертаций
653 0_ a Ключевые слова распределённые системы; интерактивная согласованность; алгоритм консенсуса
856 40 u URL https://libeldoc.bsuir.by/bitstream/123456789/62312/1/Kiselyov_Modeli.pdf
901 t Тип документа d